| 000 | 00372nam a2200145Ia 4500 | ||
|---|---|---|---|
| 001 | 2251 | ||
| 008 | 241024s9999 xx 000 0 und d | ||
| 020 | _a978-99934-42-44-5 | ||
| 082 | _aRD/972.93/ES77v/v.2 | ||
| 100 | _aJovino A. Espínola Reyes | ||
| 245 | 0 | _aLa Vega Histórica | |
| 260 |
_bEdiciones Ferilibro _c2009 |
||
| 901 | _a15/5/2012 11:36:07 a.m. | ||
| 999 |
_c7600 _d7600 |
||